Mannschaften der Champoins League 2024/25 - Statistiken

Allgemein
  • Dieses Quiz wurde 88 mal gespielt
  • Das Durchschnittsergebnis liegt bei 28 aus 36
Antwortstatistiken
Platz Antwort % Korrekt
12 Bayern München
100%
22 Manchester City
99%
11 Real Madrid
99%
10 Borussia Dortmund
97%
15 Paris St. Germain
97%
2 FC Barcelona
96%
1 Liverpool FC
96%
6 Bayer 04 Leverkusen
95%
4 Inter Mailand
93%
5 Atletico Madrid
92%
13 AC Mailand
90%
3 FC Arsenal
90%
32 RB Leipzig
89%
16 Benfica Lissabon
82%
20 Juventus Turin
82%
14 PSV Eindhoven
81%
23 Sporting Lissabon
81%
8 Aston Villa
78%
7 Lille OSC
75%
26 VfB Stuttgart
75%
21 Celtic Glasgow
71%
9 Atalanta Bergamo
70%
31 Sparta Prag
70%
29 Roter Stern Belgrad
66%
36 Young Boys Bern
66%
17 AS Monaco
64%
24 Club Brügge
64%
34 RB Salzburg
64%
33 FC Girona
60%
18 Stade Brest
59%
25 Dinamo Zagreb
58%
30 Sturm Graz
58%
19 Feyenoord Rotterdam
55%
27 Schachtar Donezk
52%
35 Slovan Bratislava
52%
28 FC Bologna
44%
Keine übereinstimmenden Quizze gefunden
Verteilung der Resultate
Anzahl Personen mit jedem Resultat
Perzentil nach korrekt beantworteten Fragen
Ihre Resultats-Entwicklung
Sie haben dieses Quiz noch nicht gespielt